[Event "Wch U14"]
[Site "Florianopolis"]
[Date "2024.10.30"]
[Round "2"]
[White "Reyes Zavaleta, Cristhian Yamil"]
[Black "Sowinski, Pawel"]
[Result "0-1"]
[WhiteElo "2044"]
[BlackElo "2455"]
[PlyCount "78"]
[EventDate "2024.10.29"]
[EventType "swiss"]
[EventRounds "11"]
[EventCountry "BRA"]
[SourceTitle "CB45_2024"]
[Source "ChessBase"]
[SourceDate "2024.11.06"]
[SourceVersion "1"]
[SourceVersionDate "2024.11.06"]
[SourceQuality "1"]

1. d4 Nf6 2. c4 b6 3. Nc3 Bb7 4. Qd3 d5 5. cxd5 Nxd5 6. a3 e6 7. Nf3 Be7 8. g3 Nxc3 9. bxc3 e5 10. Qb5+ Nd7 11. Bh3 c6 12. Qb1 exd4 13. cxd4 0-0 14. 0-0 c5 15. Bb2 Nf6 16. Rd1 Bxf3 17. exf3 c4 18. d5 Ne8 19. Be5 Nd6 20. Qb4 a5 21. Qc3 Bf6 22. f4 b5 23. Rab1 Rb8 24. Re1 Re8 25. Bxf6 Rxe1+ 26. Qxe1 gxf6 27. Qc3 Rb7 28. Bf1 h6 29. Qd4 Rc7 30. Qb6 Rc8 31. Qd4 Kg7 32. Bh3 Rc7 33. Qb6 c3 34. Rc1 b4 35. axb4 axb4 36. Qxb4 Rc4 37. Qb3 Qa5 38. Bf1 Rc7 39. Qd1 Qc5 0-1

[Event "POL-chT Ekstraliga"]
[Site "Walbrzych"]
[Date "2024.10.14"]
[Round "8.13"]
[White "Sowinski, Pawel"]
[Black "Bluebaum, Matthias"]
[Result "1/2-1/2"]
[WhiteElo "2455"]
[BlackElo "2646"]
[PlyCount "84"]
[EventDate "2024.10.07"]
[EventType "team-tourn"]
[EventRounds "9"]
[EventCountry "POL"]
[SourceTitle "CB42_2024"]
[Source "ChessBase"]
[SourceDate "2024.10.16"]
[SourceVersion "1"]
[SourceVersionDate "2024.10.16"]
[SourceQuality "1"]
[WhiteTeam "Sedziszow Malopolski"]
[BlackTeam "Raciborz Silesia"]
[WhiteTeamCountry "POL"]
[BlackTeamCountry "POL"]

1. Nf3 d5 2. g3 Nf6 3. Bg2 c5 4. 0-0 e6 5. d4 cxd4 6. Nxd4 e5 7. Nb3 a5 8. a4 Be6 9. Bg5 Nbd7 10. f4 Qb6+ 11. Kh1 h6 12. Bxf6 Nxf6 13. fxe5 Ng4 14. Nc3 Ne3 15. Qd3 0-0-0 16. Rf4 Bc5 17. Qb5 Qxb5 18. Nxb5 g5 19. Rf3 Bb6 20. N3d4 Nc4 21. Nxe6 fxe6 22. Rf6 Rhe8 23. Bh3 Kd7 24. Nd6 Nxd6 25. exd6 h5 26. Rd1 Kxd6 27. Rh6 Rc8 28. c3 Rc4 29. Rxh5 g4 30. Bg2 Kc7 31. e4 dxe4 32. Rh7+ Kc8 33. Rf7 Rd8 34. Rxd8+ Bxd8 35. Rf4 Rxa4 36. Bxe4 Ra1+ 37. Kg2 Ra2 38. Rf2 Bb6 39. Bb1 Ra1 40. Rf1 Kc7 41. h4 gxh3+ 42. Kxh3 a4 1/2-1/2

[Event "POL-chT Ekstraliga"]
[Site "Walbrzych"]
[Date "2024.10.12"]
[Round "6.25"]
[White "Sowinski, Pawel"]
[Black "Janik, Igor"]
[Result "1/2-1/2"]
[WhiteElo "2455"]
[BlackElo "2501"]
[PlyCount "93"]
[EventDate "2024.10.07"]
[EventType "team-tourn"]
[EventRounds "9"]
[EventCountry "POL"]
[SourceTitle "CB42_2024"]
[Source "ChessBase"]
[SourceDate "2024.10.16"]
[SourceVersion "1"]
[SourceVersionDate "2024.10.16"]
[SourceQuality "1"]
[WhiteTeam "Sedziszow Malopolski"]
[BlackTeam "Gorzow Wielkopolski Stilon"]
[WhiteTeamCountry "POL"]
[BlackTeamCountry "POL"]

1. e4 c6 2. d4 d5 3. e5 Bf5 4. Nf3 e6 5. Be2 Ne7 6. 0-0 Nd7 7. a4 h6 8. Na3 Nc8 9. c3 Be7 10. Nc2 0-0 11. a5 a6 12. b4 Na7 13. Ne3 Be4 14. Nd2 Bh7 15. f4 Nb5 16. Bb2 Kh8 17. Nb3 Be4 18. Qe1 f5 19. Nd2 Nc7 20. Nxe4 dxe4 21. c4 Qe8 22. Kh1 g5 23. g3 Rd8 24. Rd1 Kh7 25. d5 gxf4 26. gxf4 cxd5 27. cxd5 Nxd5 28. Nxd5 exd5 29. Rxd5 Qg6 30. Qf2 Qc6 31. Rfd1 Nb8 32. Rxd8 Rxd8 33. Rxd8 Bxd8 34. Qd4 Bh4 35. Kg1 Qe6 36. Qc4 Qxc4 37. Bxc4 Nc6 38. Bd5 Nxb4 39. Bxb7 Bd8 40. e6 Kg8 41. Kf1 Kf8 42. Ba3 Bxa5 43. Bxa6 Ke8 44. Bc4 Kd8 45. Bb2 Ke7 46. Ba3 Kd8 47. Bb2 1/2-1/2